Khasis (Record no. 345427)

000 -LEADER
fixed length control field 00303cam a22001217a 4500
008 - FIXED-LENGTH DATA ELEMENTS--GENERAL INFORMATION
fixed length control field 180718b1975 xxu||||| |||| 00| 0 eng d
082 ## - DEWEY DECIMAL CLASSIFICATION NUMBER
Classification number BA27x5411 G961
100 ## - MAIN ENTRY--PERSONAL NAME
Personal name Gurdon, P.R.T.
245 ## - TITLE STATEMENT
Title Khasis
Statement of responsibility, etc. by P.R.T. Gurdon
260 ## - PUBLICATION, DISTRIBUTION, ETC.
Place of publication, distribution, etc. Delhi
Name of publisher, distributor, etc. Cosmo Pub.
Date of publication, distribution, etc. 1975
300 ## - PHYSICAL DESCRIPTION
Extent 227p.
650 ## - SUBJECT ADDED ENTRY--TOPICAL TERM
Topical term or geographic name entry element Khasi tribe.
Holdings
Withdrawn status Lost status Damaged status Not for loan Permanent Location Current Location Date acquired Full call number Barcode Date last seen Price effective from Koha item type
        Indian Institute of Public Administration Indian Institute of Public Administration 2010-01-20 BA27x5411 G961 A1227 2018-07-21 2018-07-21 A
        Indian Institute of Public Administration Indian Institute of Public Administration 1993-10-07 BA27x5411 G961 50632 2018-07-21 2018-07-21 Book

Powered by Koha